Shakespeare's Garden Quiz Stats

 Plays Quiz Updated Mar 10, 2020

Support Sporcle.
Go Orange.
Score 0/155 Timer 15:00
0 Plays Today
Plant % Correct
Rose (general)
92.4%
Apple (general)
88.1%
Oak, acorn
85%
Pea, pease, peascods
80.5%
Orange
77.1%
Pine
74.2%
Wheat, corn
74.1%
Vines, grapes
73.3%
Daisy
72.6%
Potato
71.6%
Pears, wardens
71.2%
Lily
69.9%
Strawberry
69.6%
Lemon
68.9%
Carrot
68%
Grass, stover
67.4%
Onion
67.1%
Rosemary
65.3%
Lime
64.7%
Thyme
64.1%
Plum, damson
63.8%
Lettuce
63.3%
Cherry
62.6%
Peach
62.4%
Beans
62.2%
Blackberry, brambles
62%
Parsley
59.4%
Willow, osier
59.4%
Cabbage
59.1%
Elm
57.8%
Ivy
57.7%
Daffodil
57.5%
Barley
57.2%
Garlic
55.3%
Ash
54.4%
Pepper, pepper-corn
54.2%
Birch
54.2%
Violet
54%
Turnip
52.9%
Walnut
52.6%
Apricot
51.8%
Fig
50.8%
Nuts (general)
50.7%
Oats
50.5%
Holly
50.2%
Almond
49.9%
Olive
49.6%
Lavender
48.1%
Weeds, darnels, cockles
47.7%
Pansy, love-in-idleness, Cupid's flower
47.7%
Leek
47.4%
Hazel, hazel-nut, filbert
47%
Plant % Correct
Rye
46.1%
Chestnut
45.9%
Carnation, gillyvor (gillyflower), pink
45.2%
Radish
45%
Mint
44.6%
Flower-de-luce (probably iris)
44.5%
Date
44.2%
Yew, hebenon
43.8%
Cloves
42.6%
Pumpion (gourd)
42.6%
Fern
42.3%
Mushroom, toadstool
41.7%
Cedar
41.7%
Poppy
41.6%
Clover, honey-stalks
41.3%
Red rose, white rose, musk-rose, brier (briar)
41.3%
Rice
40.2%
Thorns, briers (briars)
39.8%
Palm tree
39.8%
Elder
39.6%
Gooseberry
39.2%
Marigold, marybud
38.6%
Long purples, dead men's fingers (probably common purple orchis)
38.2%
Ginger
37.9%
Moss
37.8%
Pomegranate
37.4%
Bay, bay tree
37.3%
Reeds
36.1%
Rhubarb
36%
Thistle
35.9%
Crab, pippin, pomewater, sweeting, apple-john, leather coat
35.7%
Ling, long heath (heather)
35.2%
Chives
34.9%
Nutmeg, mace
34.7%
Nettles
34.4%
Fennel
34.2%
Cuckoo-flower (buttercup)
34.1%
Honeysuckle, woodbine
33.5%
Saffron
33.4%
Quince
33.3%
Peony
33.3%
Aspen
33%
Hemlock, kecksies
32.9%
Hawthorn
32.7%
Mustard-seed
32.7%
Currant
32.1%
Dogwood
30.6%
Rue, herb of grace
30.4%
Sycamore
30.2%
Marjoram
30.2%
Mistletoe
30.2%
Primrose
29.7%
Plant % Correct
Aloe
29.1%
Mulberry
29%
Cypress
28.9%
Box
28.7%
Laurel
28.3%
Narcissus
28%
Cowslip
27.3%
Myrtle
26.8%
Camomile
26.7%
Rush, bulrush
26.3%
Bilberry
26.1%
Anemone (probable)
25.1%
Columbine
24.1%
Hemp
23.7%
Hyssop
23.5%
Wormwood
23.2%
Burdock, hardock, burrs
23%
Broom
22.7%
Flax
22.7%
Balm, balsam, balsamum
22.4%
Lark's heels (larkspurs)
22.3%
Gorse, furze
22.2%
Nasturtium
22.1%
Dewberry
22%
Vetch
21.7%
Bachelor's button
21.6%
Sedge
21.3%
Eglantine
20.9%
Dock
20.3%
Mandragora (mandrake)
20.1%
Plane
19.7%
Medlar
19.5%
Mallow
19.3%
Wort
18.9%
Oxlip
18.5%
Plantain
18.5%
Calendula
18.1%
Savory
17.9%
Caraway
17%
Pig-nuts
16.6%
Samphire
16.4%
Crow-flowers (probably ragged robin)
15.8%
Harebell
15.5%
Monkshood, aconite
14.9%
Crown imperial
14.2%
Burnet
14%
Lady-smock
13.8%
Knot-grass
12.2%
Speargrass
12.1%
Coloquintida (colocynth)
10.9%
Fumitory, fumiter
10.8%

You're not logged in!

Compare scores with friends on all Sporcle quizzes.
OR
Log In

From the Vault

Rock Songs by Words in Movie Titles II

by MSUKent

Unfortunately for Nicolas Cage, 'The Rock' didn't actually make the cut.
Remove Ads.
Support Sporcle.
Get the best of Sporcle when you Go Orange. This ad-free experience offers more features, more stats, and more fun while also helping to support Sporcle. Thank you for becoming a member.

Show Comments

Extras

Top Quizzes Today


Score Distribution

Your Account Isn't Verified!

In order to create a playlist on Sporcle, you need to verify the email address you used during registration. Go to your Sporcle Settings to finish the process.

Report this User

Report this user for behavior that violates our Community Guidelines.

Details: